Responses for Show #8019 - Thursday, June 20, 2019

2019 Teen Tournament quarterfinal game 4.

Contestants

[<< previous game]

Audrey Sarin, a senior from Redmond, Washington

Sreekar Madabushi, a junior from Basking Ridge, New Jersey

Jackson Jones, a junior from Louisville, Kentucky

[next game >>]

Jeopardy! Round responses

WHERE YOU GO FROM HERE
COLLEGE BOUND
CAREER TRACK
DON'T RUSH ME!
A GAP YEAR
IN THE TV ROOM
    $200 16
Orlando

Sreekar
    $200 1
North Carolina

Sreekar
    $200 11
(Sreekar: What is a bakery? Or what are [*]?)

bakers

Sreekar
    $200 27
crawling

Sreekar
    $200 8
Saturn

Audrey
    $200 6
Gilmore Girls

Audrey
    $400 17
Istanbul

Sreekar
    $400 2
Rutgers

Sreekar
    $400 12
astronaut

Sreekar
    $400 26
molasses

Audrey
    $400 9
1969

Sreekar
    $400 7
Degrassi

Jackson
    $600 18
Missouri

Sreekar
    $600 3
Georgetown

Jackson
    $600 13
anesthesiologist

Jackson
    $600 23
(Audrey: What is slug-like?)
(Alex: Slug-like? I think we can accept that. Slug-like.)
(Audrey: Sluggish? What is sluggish?)
(Alex: Either one.)

slug-like, or sluggish

Audrey
    $600 10
alimony

Audrey
    $600 28
Andi Mack

Triple Stumper
    $800 19
the Red Sea

Jackson
    $800 4
Baton Rouge

Jackson
    $800 14
a pedicurist

Sreekar
    $800 24
drag

Jackson
    $2,000 21
(Sreekar: Who is... Washington?)

Daniel Boone

Sreekar
    $800 29
(Audrey: What is How to Get Away With Murder?)

Pretty Little Liars

Audrey
Triple Stumper
    $1000 20
New Guinea

Sreekar
    $1000 5
(Jackson: What is the Tuskegee Institute?)

Morehouse

Jackson
Triple Stumper
    $1000 15
a certified public accountant

Triple Stumper
    $1000 25
decelerate

Jackson
    $1000 22
axons

Jackson
    $1000 30
Freaks and Geeks

Jackson

Scores at the first commercial break (after clue 15):

Jackson Sreekar Audrey
$1,400 $2,400 $1,000

Scores at the end of the Jeopardy! Round:

Jackson Sreekar Audrey
$6,000 $2,800 $1,200

Double Jeopardy! Round responses

23 & YOU
ANCIENT ROME
METEOROLOGY
ACTORS BY ROLE
BOOKS OF MYSTERY
"O" POURRI
    $400 18
chromosomes

Jackson
    $400 2
dictator

Sreekar
    $400 25
a cyclone

Jackson
    $400 19
Ryan Reynolds

Audrey
    $400 23
(Jackson: Who is Poirot?)

Sherlock Holmes

JacksonSreekar
    $400 1
an oyster

Sreekar
    $800 5
"The Lord is my shepherd"

Triple Stumper
    $800 3
Mars

Sreekar
    $800 24
a barometer

Audrey
    $800 20
Anna Kendrick

Audrey
    $800 26
peculiar children

Jackson
    $800 10
an orthodontist

Sreekar
    $1200 6
Benjamin Harrison

Sreekar
    $1200 4
Hannibal

Jackson
    $2,000 17
ozone

Jackson
    $1200 21
Will Ferrell

Triple Stumper
    $1200 27
the milk carton

Jackson
    $1200 14
an oboe

Audrey
    $1600 9
a grand jury

Jackson
    $5,600 7
the Colosseum

Sreekar
    $1600 15
sunspots

Jackson
    $1600 22
Jason Statham

Triple Stumper
    $1600 28
Agatha Christie

Jackson
    $1600 12
Odin

Jackson
    $2000 11
Washington, D.C.

Jackson
    $2000 8
(Alex: Who is the mad fiddler, [*]?)

Nero

Triple Stumper
    $2000 16
wind

Jackson
    $2000 30
Awkwafina

Audrey
    $2000 29
Edgar Allan Poe

Sreekar
    $2000 13
offspring

Audrey

Scores at the end of the Double Jeopardy! Round:

Jackson Sreekar Audrey
$22,000 $14,400 $8,400

Final Jeopardy! Round responses

18th CENTURY AMERICANS
AudreyWho is Benjamin Franklin Franklin
$8,400
SreekarWho is Benjamin Franklin
$3,600
JacksonWho is Jonath Jonathan Edwards?
$400
Benjamin Franklin

Final scores:

Jackson Sreekar Audrey
$21,600 $18,000 $16,800
Automatic semifinalist 2nd place: $5,000 if eliminated 3rd place: $5,000 if eliminated

Game dynamics:

Coryat scores:

Jackson Sreekar Audrey
$21,200 $12,400 $8,400
21 R
(including 1 DD),
2 W
19 R
(including 1 DD),
1 W
(including 1 DD)
11 R,
1 W

Combined Coryat: $42,000

[game clues] [game scores] [suggest correction]

Game tape date: 2018-12-10
The J! Archive is created by fans, for fans. Scraping, republication, monetization, and malicious use prohibited; this site may use cookies and collect identifying information. See terms. The Jeopardy! game show and all elements thereof, including but not limited to copyright and trademark thereto, are the property of Jeopardy Productions, Inc. and are protected under law. This website is not affiliated with, sponsored by, or operated by Jeopardy Productions, Inc. Join the discussion at JBoard.tv.